Most streamed songs : Panic! At The Disco - Statistics

General Stats
  • This quiz has been taken 28 times
    4 since last reset
  • The average score is 12 of 20
Answer Stats
Rank Number of streams Song Album % Correct
1. 1 800 050 986 High Hopes Pray for the Wicked
100%
4. 450 691 352 Death of a Bachelor Death of a Bachelor
75%
8. 338 471 632 Don't Threaten Me with a Good Time Death of a Bachelor
75%
3. 885 532 087 House of Memories Death of a Bachelor
75%
2. 1 013 806 161 I Write Sins Not Tragedies A Fever You Can't Sweat Out
75%
12. 252 318 290 Lying is the Most Fun a Girl Can Have Without Taking Her Clothes Off A Fever You Can't Sweat Out
75%
15. 238 863 422 Nine in the Afternoon Pretty. Odd.
75%
19. 164 477 951 Crazy = Genius Death of a Bachelor
50%
5. 379 015 363 Emperor's New Clothes Death of a Bachelor
50%
17. 20 ,731 137 Girls Girls Boys Too Weird to Live, Too Rare to Die!
50%
18. 180 043 813 Hallelujah Death of a Bachelor
50%
7. 365 355 452 Hey Look Ma, I Made It Pray for the Wicked
50%
16. 208 804 952 Into the Unknown - Panic! At The Disco Version Frozen 2 (Original Motion Picture Soundtrack)
50%
11. 260 245 655 LA Devotee Death of a Bachelor
50%
14. 240 628 838 Miss Jackson (feat. LOLO) Too Weird to Live, Too Rare to Die!
50%
20. 153 265 351 Nicotine Too Weird to Live, Too Rare to Die!
50%
13. 246 554 056 Say Amen (Saturday Night) Pray for the Wicked
50%
10. 270 290 956 The Ballad of Mona Lisa Vices & Virtues
50%
6. 369 398 031 This Is Gospel Too Weird to Live, Too Rare to Die!
50%
9. 323 067 488 Victorious Death of a Bachelor
50%
No matching quizzes found
Score Distribution
Percent of People with Each Score
Percentile by Number Answered
Your Score History
You have not taken this quiz since the last reset